| 000 | 00593nam a2200229Ia 4500 | ||
|---|---|---|---|
| 999 |
_c1537 _d1537 |
||
| 007 | ta | ||
| 008 | 190805s2010 ii a|||g||||||||| ||und|| | ||
| 020 | _cRs. 80.00 | ||
| 040 |
_aKO _beng |
||
| 041 | 0 | _aeng | |
| 044 | _aii | ||
| 082 | 0 | 4 |
_a623.8171 _bB4693 _223 |
| 100 | 1 | _aBhandarkar | |
| 245 | 1 | 0 |
_a"Stability Tables" Trim and Stability Particulars Of M.V. Hindship / _cBhandarkar |
| 260 |
_aMumbai : _bBhandarkar Publications , _c2010. |
||
| 300 |
_a61 p. : _bill. ; _c32 cm. |
||
| 650 | 0 |
_aStability of ships _vTables |
|
| 700 | _a | ||
| 904 | _aA_BOSE | ||
| 942 | _cRT | ||